000 00320nam a2200121Ia 4500
008 240731s9999 xx 000 0 und d
022 _a2160-4746
245 0 _aJournal of Cost Analysis and Parametrics
260 _bTaylor & Francis
856 _uhttps://www.tandfonline.com/loi/ucap20
942 _2ddc
942 _cTFEJ
999 _c77588
_d77588
945 _a1
_bMadushi Gamage
_c1
_dMadushi Gamage